Lataa...

Text book of agricultural meteorology

Bibliografiset tiedot
Päätekijä: M.C. Varshneya
Aineistotyyppi: Printed Book
Kieli:Undetermined
Julkaistu: New Delhi Indian council of agricultural research 2004
Aiheet:
LEADER 00842nam a2200265Ia 4500
008 141004s9999 xx 000 0 und d
020 |a 8171640192 
040 |c a 
041 |a English 
082 |a 630.2515 
082 |b VAR/TE 
100 |a M.C. Varshneya 
245 |a Text book of agricultural meteorology 
245 |c M.C. Varshneya 
260 |a New Delhi 
260 |b Indian council of agricultural research 
260 |c 2004 
300 |a 221 p.  
300 |b 24.5 cm 
365 |a Rs.150.00  
501 |a 4B2,3  
650 |a Agricultural meteorology 
942 |c BK 
999 |c 173441  |d 173441 
952 |0 0  |1 0  |2 ddc  |4 0  |6 551_600000000000000_PRA_AG  |7 0  |9 178550  |a KAUCOF  |b KAUCOF  |g 150.00  |l 6  |m 2  |o 551.6 PRA/AG  |p KAU_COF-3982  |r 2017-06-16  |s 2017-05-19  |w 2014-10-04  |y BK